|
|
|
|
| LEADER |
00746nam#a2200253#a#4500 |
| 001 |
009210 |
| 005 |
20160721145024.0 |
| 008 |
030513s1968####sp##################spa#d |
| 040 |
|
|
|a AR-beUNQ
|
| 099 |
|
|
|a 05-S110
|
| 100 |
1 |
|
|a Stonier, Alfred W
|
| 245 |
0 |
0 |
|a Manual de teoría económica
|c Alfred W. Stonier ; C. Hague Douglas.
|
| 250 |
|
|
|a 4a. ed.
|
| 260 |
|
|
|a Madrid :
|b Aguilar,
|c 1968
|
| 300 |
|
|
|a xx, 591 p
|
| 650 |
|
7 |
|a ECONOMIA
|2 Spines
|
| 650 |
|
7 |
|a PRECIOS
|2 Spines
|
| 650 |
|
7 |
|a TEORIAS DEL EMPLEO
|2 Spines
|
| 650 |
|
7 |
|a TEORIAS DEL CRECIMIENTO
|2 Spines
|
| 650 |
|
7 |
|a TEORIAS ECONOMICAS
|2 Spines
|
| 700 |
1 |
|
|a Douglas, C Hague
|
| 929 |
|
|
|a COMPRA
|b Felipe Orlando
|d 30,00E
|e 20030506
|f patrimonio
|j 33625
|
| 942 |
|
|
|c LIB
|n 0
|
| 999 |
|
|
|c 11661
|d 87048
|